|
|
|
|
| LEADER |
00622nab a2200169 i 4500 |
| 001 |
misc470 |
| 005 |
20191106144152.0 |
| 008 |
170607s1899 hu o 0|| hun d |
| 040 |
|
|
|a SZTE Miscellanea Repozitórium
|b hun
|
| 041 |
|
|
|a hun
|
| 100 |
1 |
|
|a Pór Antal
|
| 245 |
1 |
0 |
|a Nagyszombat városa megváltja magát a tized fizetése alól 1347-ben
|h [elektronikus dokumentum] /
|c Pór Antal
|
| 260 |
|
|
|c 1899
|
| 300 |
|
|
|a 434-435
|
| 490 |
0 |
|
|a Magyar gazdaságtörténelmi szemle
|v 6
|
| 695 |
|
|
|a Közgazdaságtudomány, Gazdaságtörténet
|
| 856 |
4 |
0 |
|u http://misc.bibl.u-szeged.hu/470/1/gazd_tort_szeml_1899_434-435.pdf
|z Dokumentum-elérés
|